Statistics for 1000 common words in English

Click here to take the quiz!

General Stats

  • This quiz has been taken 80 times
    (79 since last reset)
  • The average score is 334 of 1000

Answer Stats

Word% Correct
1a
94%
373he
94%
404I
94%
872the
93%
561no
91%
85be
89%
950we
89%
235do
87%
413in
87%
381her
85%
767she
85%
997you
85%
506me
83%
896to
83%
63as
80%
352go
80%
565not
80%
583on
80%
960when
80%
66at
78%
328for
78%
585one
78%
793so
78%
922two
78%
999your
78%
433it
76%
865ten
76%
958what
76%
966who
76%
45and
74%
398how
74%
598out
74%
880they
74%
890three
74%
974win
74%
32all
72%
132car
72%
335four
72%
495man
72%
542my
72%
873their
72%
878there
72%
995yes
72%
128can
70%
275ever
70%
486love
70%
572of
70%
592or
70%
760seven
70%
787six
70%
874them
70%
895time
70%
205day
69%
257eight
69%
321five
69%
367hand
69%
374head
69%
385him
69%
582old
69%
689read
69%
748see
69%
871that
69%
901too
69%
961where
69%
981woman
69%
49any
67%
124by
67%
239down
67%
349girl
67%
382here
67%
494make
67%
531more
67%
822star
67%
930us
67%
978with
67%
4about
65%
122but
65%
350give
65%
372have
65%
376hear
65%
387his
65%
397house
65%
555new
65%
560night
65%
634plan
65%
797some
65%
855take
65%
876then
65%
882think
65%
994year
65%
101big
63%
114boy
63%
170come
63%
250eat
63%
313find
63%
446know
63%
479live
63%
534mother
63%
600over
63%
924under
63%
928up
63%
988would
63%
164close
61%
188could
61%
262end
61%
289eye
61%
299father
61%
327foot
61%
338from
61%
354good
61%
407if
61%
462leave
61%
472light
61%
504may
61%
539much
61%
742sea
61%
884this
61%
970why
61%
986world
61%
105black
59%
238door
59%
276every
59%
391home
59%
402hundred
59%
471life
59%
473like
59%
482look
59%
573off
59%
597our
59%
621per
59%
724right
59%
745second
59%
802son
59%
823start
59%
864tell
59%
948water
59%
983word
59%
989write
59%
998young
59%
21after
57%
48answer
57%
64ask
57%
296family
57%
319first
57%
781sing
57%
881thing
57%
943walk
57%
965white
57%
973will
57%
984work
57%
11act
56%
15add
56%
39also
56%
57arm
56%
110book
56%
123buy
56%
125call
56%
153child
56%
189country
56%
242drive
56%
272even
56%
302feel
56%
326food
56%
337friend
56%
384high
56%
464leg
56%
467let
56%
483lose
56%
507mean
56%
529money
56%
569now
56%
691real
56%
701red
56%
730room
56%
732run
56%
736say
56%
738school
56%
771should
56%
869than
56%
955well
56%
78back
54%
107blue
54%
297far
54%
371hard
54%
422inside
54%
451last
54%
476list
54%
544name
54%
554never
54%
891through
54%
945want
54%
947watch
54%
949way
54%
975wind
54%
79bad
52%
81ball
52%
91before
52%
224die
52%
266enter
52%
356great
52%
439just
52%
481long
52%
558next
52%
563nor
52%
595other
52%
636play
52%
727road
52%
773show
52%
791small
52%
835street
52%
913tree
52%
3able
50%
97best
50%
102bill
50%
109body
50%
237dog
50%
336free
50%
348get
50%
396hour
50%
437job
50%
460learn
50%
466less
50%
477listen
50%
521million
50%
533most
50%
549near
50%
679question
50%
820stand
50%
856talk
50%
886though
50%
902top
50%
919try
50%
931use
50%
935very
50%
942wait
50%
963which
50%
158city
48%
172common
48%
290face
48%
317fire
48%
343game
48%
357green
48%
380help
48%
463left
48%
523minute
48%
567nothing
48%
608part
48%
615past
48%
633place
48%
774side
48%
784sit
48%
811speak
48%
859teach
48%
946war
48%
953week
48%
88because
46%
115break
46%
116bring
46%
236doctor
46%
249easy
46%
295fall
46%
339front
46%
365hair
46%
377heart
46%
429into
46%
435its
46%
444kind
46%
448land
46%
475line
46%
485lot
46%
511meet
46%
524miss
46%
540music
46%
588open
46%
626person
46%
628phone
46%
694really
46%
803song
46%
827stay
46%
854table
46%
883third
46%
888thousand
46%
944wall
46%
964while
46%
980without
46%
996yet
46%
41always
44%
46animal
44%
60art
44%
92begin
44%
134care
44%
323fly
44%
340full
44%
452late
44%
470lie
44%
499many
44%
522mind
44%
552need
44%
570number
44%
599outside
44%
618pay
44%
620people
44%
831stop
44%
977wish
44%
5above
43%
22again
43%
24age
43%
58around
43%
76away
43%
112both
43%
117brother
43%
260else
43%
306fight
43%
332form
43%
360grow
43%
362guess
43%
392hope
43%
394hot
43%
478little
43%
519might
43%
586only
43%
635plant
43%
677put
43%
735save
43%
751sell
43%
783sister
43%
800something
43%
860teacher
43%
885those
43%
952wear
43%
31air
41%
98better
41%
138catch
41%
146chair
41%
148chance
41%
149change
41%
248east
41%
342future
41%
370happy
41%
455law
41%
487low
41%
505maybe
41%
530month
41%
536move
41%
564north
41%
606paper
41%
762sex
41%
799someone
41%
808south
41%
879these
41%
906town
41%
917true
41%
77baby
39%
94behind
39%
119build
39%
137case
39%
166cold
39%
206dead
39%
208death
39%
240draw
39%
278everyone
39%
309film
39%
440keep
39%
442kid
39%
443kill
39%
450large
39%
453later
39%
468letter
39%
559nice
39%
566note
39%
674pull
39%
709remember
39%
752send
39%
769short
39%
824state
39%
829still
39%
899tomorrow
39%
920turn
39%
956west
39%
968whom
39%
47another
37%
51anything
37%
90bed
37%
103billion
37%
155choose
37%
202dark
37%
258either
37%
279everything
37%
298fast
37%
315finger
37%
538movie
37%
638point
37%
719rest
37%
810space
37%
816sport
37%
897today
37%
898together
37%
972wife
37%
35alone
35%
89become
35%
113box
35%
133card
35%
161class
35%
176computer
35%
193cover
35%
194create
35%
314fine
35%
316finish
35%
320fish
35%
400huge
35%
405idea
35%
449language
35%
532morning
35%
541must
35%
543myself
35%
556news
35%
643poor
35%
750seem
35%
775sign
35%
851sure
35%
861team
35%
893throw
35%
967whole
35%
976window
35%
991wrong
35%
12action
33%
27ago
33%
33allow
33%
50anyone
33%
83bar
33%
86beat
33%
95believe
33%
99between
33%
162clear
33%
201cut
33%
226different
33%
246each
33%
308fill
33%
325follow
33%
358ground
33%
359group
33%
389hit
33%
390hold
33%
496manage
33%
535mouth
33%
562none
33%
575office
33%
578often
33%
584once
33%
613party
33%
631picture
33%
639police
33%
652present
33%
676push
33%
723rich
33%
734same
33%
780since
33%
887thought
33%
910travel
33%
925understand
33%
969whose
33%
2ability
31%
36along
31%
87beautiful
31%
136carry
31%
139cause
31%
204daughter
31%
265enough
31%
274event
31%
375health
31%
388history
31%
447knowledge
31%
454laugh
31%
458lead
31%
574offer
31%
601own
31%
614pass
31%
649power
31%
651prepare
31%
655pretty
31%
759set
31%
778simple
31%
804soon
31%
806sound
31%
828step
31%
836strong
31%
868test
31%
971wide
31%
982wonder
31%
20affect
30%
28agree
30%
80bag
30%
104bit
30%
108board
30%
156church
30%
174company
30%
213deep
30%
291fact
30%
293fail
30%
310final
30%
322floor
30%
369happen
30%
457lay
30%
503matter
30%
593order
30%
607parent
30%
657price
30%
690ready
30%
765shall
30%
766share
30%
833story
30%
849summer
30%
927until
30%
937view
30%
1000yourself
30%
9account
28%
23against
28%
82bank
28%
84base
28%
120building
28%
152check
28%
183contain
28%
191course
28%
207deal
28%
243drop
28%
329force
28%
351glass
28%
393hospital
28%
403husband
28%
441key
28%
484loss
28%
490main
28%
662produce
28%
681quite
28%
688reach
28%
790skin
28%
792smile
28%
858tax
28%
863television
28%
923type
28%
52appear
26%
55area
26%
59arrive
26%
241dream
26%
247early
26%
300fear
26%
303feeling
26%
334forward
26%
379heavy
26%
399however
26%
401human
26%
421information
26%
438join
26%
603page
26%
604pain
26%
612partner
26%
682race
26%
695reason
26%
696receive
26%
711report
26%
725rise
26%
739science
26%
744seat
26%
754sense
26%
788size
26%
801sometimes
26%
812special
26%
870thank
26%
939visit
26%
962whether
26%
979within
26%
7accept
24%
19adult
24%
62artist
24%
68attention
24%
154choice
24%
169color
24%
185control
24%
225difference
24%
227difficult
24%
255effect
24%
263energy
24%
264enjoy
24%
281exactly
24%
294fair
24%
304few
24%
311finally
24%
353goal
24%
366half
24%
425interest
24%
461least
24%
508measure
24%
630pick
24%
648possible
24%
660problem
24%
663product
24%
672provide
24%
684raise
24%
693realize
24%
700record
24%
728rock
24%
743season
24%
749seek
24%
758service
24%
768shoot
24%
798somebody
24%
903total
24%
911treat
24%
10across
22%
16address
22%
53apply
22%
111born
22%
140cell
22%
244drug
22%
256effort
22%
273evening
22%
285expect
22%
288explain
22%
331forget
22%
345gas
22%
346general
22%
364guy
22%
386himself
22%
500market
22%
516message
22%
545nation
22%
587onto
22%
619peace
22%
632piece
22%
653president
22%
670protect
22%
686rate
22%
706relationship
22%
721return
22%
731rule
22%
741score
22%
757serve
22%
782single
22%
815spend
22%
817spring
22%
832store
22%
839study
22%
845such
22%
905toward
22%
926unit
22%
954weight
22%
121business
20%
211decide
20%
217describe
20%
254education
20%
277everybody
20%
282example
20%
284exist
20%
363gun
20%
408image
20%
409imagine
20%
414include
20%
445kitchen
20%
498manager
20%
512meeting
20%
518middle
20%
577official
20%
580oil
20%
581ok
20%
590opportunity
20%
602owner
20%
627personal
20%
637player
20%
656prevent
20%
661process
20%
697recent
20%
785site
20%
840stuff
20%
918truth
20%
933value
20%
940voice
20%
959whatever
20%
37already
19%
40although
19%
42among
19%
65assume
19%
75avoid
19%
143century
19%
144certain
19%
192court
19%
195crime
19%
198cup
19%
210decade
19%
218design
19%
305field
19%
307figure
19%
344garden
19%
355government
19%
368hang
19%
378heat
19%
383herself
19%
432issue
19%
456lawyer
19%
459leader
19%
492major
19%
514memory
19%
515mention
19%
547natural
19%
548nature
19%
576officer
19%
644popular
19%
646position
19%
671prove
19%
680quickly
19%
683radio
19%
737scene
19%
777similar
19%
867term
19%
907trade
19%
915trip
19%
929upon
19%
932usually
19%
941vote
19%
985worker
19%
13activity
17%
14actually
17%
18admit
17%
29agreement
17%
34almost
17%
56argue
17%
74average
17%
100beyond
17%
126camera
17%
131capital
17%
141center
17%
142central
17%
147challenge
17%
151charge
17%
160claim
17%
175compare
17%
177concern
17%
181consider
17%
184continue
17%
187cost
17%
229direction
17%
245during
17%
259election
17%
267entire
17%
286experience
17%
292factor
17%
395hotel
17%
410impact
17%
411important
17%
427international
17%
436itself
17%
465legal
17%
469level
17%
513member
17%
528moment
17%
537movement
17%
546national
17%
550nearly
17%
568notice
17%
579oh
17%
591option
17%
622perform
17%
642politics
17%
654pressure
17%
658private
17%
659probably
17%
667program
17%
673public
17%
692reality
17%
708remain
17%
726risk
17%
733safe
17%
805sort
17%
838student
17%
841style
17%
850support
17%
853system
17%
857task
17%
875themselves
17%
892throughout
17%
43amount
15%
106blood
15%
168college
15%
190couple
15%
197culture
15%
203data
15%
228dinner
15%
318firm
15%
333former
15%
412improve
15%
416increase
15%
417indeed
15%
497management
15%
502material
15%
510medical
15%
517method
15%
525mission
15%
526model
15%
527modern
15%
571occur
15%
610particular
15%
640policy
15%
650practice
15%
664production
15%
678quality
15%
685range
15%
704region
15%
710remove
15%
729role
15%
746section
15%
756serious
15%
807source
15%
818staff
15%
819stage
15%
821standard
15%
826station
15%
894thus
15%
904tough
15%
990writer
15%
26agent
13%
44analysis
13%
71author
13%
73available
13%
96benefit
13%
145certainly
13%
173community
13%
199current
13%
200customer
13%
212decision
13%
221determine
13%
222develop
13%
231discover
13%
232discuss
13%
261employee
13%
268environment
13%
330foreign
13%
361growth
13%
426interesting
13%
431involve
13%
480local
13%
488machine
13%
491maintain
13%
551necessary
13%
589operation
13%
624perhaps
13%
625period
13%
641political
13%
665professional
13%
687rather
13%
702reduce
13%
705relate
13%
712represent
13%
714research
13%
770shot
13%
779simply
13%
789skill
13%
795society
13%
814speech
13%
830stock
13%
842subject
13%
847suffer
13%
866tend
13%
900tonight
13%
916trouble
13%
921TV
13%
987worry
13%
30ahead
11%
67attack
11%
165coach
11%
167collection
11%
220detail
11%
253edge
11%
287expert
11%
312financial
11%
324focus
11%
428interview
11%
434item
11%
493majority
11%
509media
11%
594organization
11%
617pattern
11%
647positive
11%
668project
11%
669property
11%
698recently
11%
713require
11%
720result
11%
753senior
11%
761several
11%
772shoulder
11%
786situation
11%
794social
11%
852surface
11%
909training
11%
912treatment
11%
934various
11%
993yeah
11%
6absolutely
9%
8according
9%
54approach
9%
61article
9%
72authority
9%
150character
9%
157citizen
9%
163clearly
9%
209debate
9%
214defense
9%
215degree
9%
230director
9%
234disease
9%
252economy
9%
270especially
9%
280evidence
9%
347generation
9%
423instead
9%
474likely
9%
501marriage
9%
553network
9%
557newspaper
9%
629physical
9%
703reflect
9%
715resource
9%
716respond
9%
722reveal
9%
764shake
9%
796soldier
9%
837structure
9%
846suddenly
9%
889threat
9%
914trial
9%
17administration
7%
25agency
7%
38alright
7%
127campaign
7%
135career
7%
171commercial
7%
178condition
7%
219despite
7%
223development
7%
233discussion
7%
251economic
7%
271establish
7%
341fund
7%
406identify
7%
418indicate
7%
419individual
7%
420industry
7%
430investment
7%
489magazine
7%
520military
7%
611particularly
7%
623performance
7%
645population
7%
666professor
7%
675purpose
7%
707religious
7%
717response
7%
718responsibility
7%
747security
7%
755series
7%
809southern
7%
825statement
7%
834strategy
7%
843success
7%
848suggest
7%
908traditional
7%
951weapon
7%
957western
7%
992yard
7%
70audience
6%
129cancer
6%
159civil
6%
186correct
6%
196cultural
6%
596others
6%
605painting
6%
616patient
6%
699recognize
6%
740scientist
6%
776significant
6%
813specific
6%
862technology
6%
936victim
6%
69attorney
4%
93behavior
4%
118budget
4%
130candidate
4%
179conference
4%
283executive
4%
763sexual
4%
844successful
4%
877theory
4%
938violence
4%
180Congress
2%
182consumer
2%
216democratic
2%
269environmental
2%
301federal
2%
415including
2%
424institution
2%
609participant
2%

Score Distribution

Percentile by Number Answered

Percent of People with Each Score

Your Score History

You have not taken this quiz since the last reset